00693nam a2200217 a 450000500170000000800410001704000250005804100080008308200120009111000710010324501070017426000250028130000110030665000270031765000170034465000230036165000130038465000200039765000280041765000300044520200521170856.0200521b ||||| |||| 00| 0 spa d aCO-BoIAVHcCO-BoIAVH aeng a664.804 bCentre for the Promotion of Imports from Developing Countries, CBI aDried fruit and edible nutsba survey of the Netherlands and other major markets in the European Union aRotterdambCBIc1999 a161 p. aComercio internacional aFrutas secas aNueces comestibles aMercadeo aUnión Europea aLegislación ambiental aCertificación ambiental